|
|
|
|
| LEADER |
01132nam a2200385 4500 |
| 001 |
DLU110120053 |
| 005 |
##20110420 |
| 008 |
##930419s1994 nyuac b 000 1 eng |
| 010 |
# |
# |
|a 93011023
|
| 020 |
# |
# |
|a 019508196X (pbk : acid-free paper)
|
| 035 |
# |
# |
|9 (DLC) 93011023
|
| 040 |
# |
# |
|a DLC
|c DLC
|d DLC
|
| 043 |
# |
# |
|a n-us-ny
|
| 082 |
# |
# |
|a 813
|b Cla
|
| 245 |
# |
# |
|a Classic fiction of the Harlem Renaissance /
|c edited by William L. Andrews.
|
| 260 |
# |
# |
|a New York :
|b Oxford University Press,
|c 1994.
|
| 300 |
# |
# |
|a 403 p. :
|b ill., ports. ;
|c 24 cm.
|
| 504 |
# |
# |
|a Includes bibliographical references.
|
| 650 |
# |
# |
|a African Americans
|v Fiction.
|
| 650 |
# |
# |
|a American fiction
|x African American authors.
|
| 650 |
# |
# |
|a American fiction
|y 20th century.
|
| 650 |
# |
# |
|a Harlem Renaissance.
|
| 651 |
# |
# |
|a Harlem (New York, N.Y.)
|v Fiction.
|
| 700 |
# |
# |
|a Andrews, William L.,
|d 1946-
|
| 923 |
# |
# |
|a 01/2011NN
|
| 991 |
# |
# |
|a SH
|
| 992 |
# |
# |
|a 0
|
| 994 |
# |
# |
|a KNN
|
| 900 |
# |
# |
|a True
|
| 911 |
# |
# |
|a Đào Thị Thu Huyền
|
| 925 |
# |
# |
|a G
|
| 926 |
# |
# |
|a A
|
| 927 |
# |
# |
|a SH
|
| 980 |
# |
# |
|a Thư viện Trường Đại học Đà Lạt
|